[Event "Superettan(Eskilstuna-Stockholms SS)"]
[Site "?"]
[Date "2009.03.14"]
[Round "8"]
[White "Bergstrom, Rolf"]
[Black "Logdahl, Harald"]
[Result "0-1"]
[WhiteElo "2355"]
[BlackElo "2382"]
[PlyCount "74"]

1. e4 Nf6 2. e5 Nd5 3. c4 Nb6 4. d4 d6 5. exd6 cxd6 6. Nc3 g6 7. Be3 Bg7 8. Rc1
O-O 9. b3 e5 10. dxe5 dxe5 11. Qxd8 Rxd8 12. c5 N6d7 13. Bc4 Nc6 14. Ne4 Nf8
15. Nd6 Rd7 16. Nf3 h6 17. h4 Re7 18. h5 g5 19. Nxg5 hxg5 20. Bxg5 Rc7 21. h6
Bh8 22. Rc3 Be6 23. h7+ Nxh7 24. Bh6 Bf6 25. Rg3+ Kh8 26. Bd3 Rg8 27. Rxg8+
Kxg8 28. Bxh7+ Kxh7 29. Bg5+ Kg6 30. Bxf6 Nb4 31. Ne4 Bf5 32. Nd6 Rxc5 33. Nxf5
Rc1+ 34. Kd2 Rxh1 35. Ng3 Ra1 36. Bxe5 Rxa2+ 37. Kc3 Nc6 0-1

[Event "Superettan(Eskilstuna-Stockholms SS)"]
[Site "?"]
[Date "2009.03.14"]
[Round "8"]
[White "Nilsson, Matthias"]
[Black "Henriksson, Johan"]
[Result "1-0"]
[WhiteElo "2310"]
[BlackElo "2322"]
[PlyCount "75"]

1. d4 d5 2. c4 c6 3. Nc3 Nf6 4. Bg5 Nbd7 5. cxd5 cxd5 6. e3 e6 7. Bd3 Be7 8.
Nf3 b6 9. Rc1 O-O 10. O-O Bb7 11. Qa4 a6 12. Qc2 Rc8 13. Qe2 b5 14. a4 b4 15.
Nb1 a5 16. Bb5 Ne4 17. Rxc8 Bxc8 18. Bxe7 Qxe7 19. Rc1 Nb8 20. Nbd2 Nd6 21. Nb3
Qa7 22. Ne5 f6 23. Nc6 Nxc6 24. Rxc6 Rd8 25. Qc2 Qb8 26. Nxa5 Nxb5 27. axb5
Qxb5 28. Rc5 Qb6 29. Nc6 Re8 30. Ne7+ Rxe7 31. Rxc8+ Kf7 32. Qxh7 e5 33. Qh5+
Ke6 34. dxe5 Qa6 35. Rc1 Qd3 36. exf6 Rc7 37. Qg4+ Kxf6 38. Qf4+ 1-0

[Event "Superettan(Eskilstuna-Stockholms SS)"]
[Site "?"]
[Date "2009.03.14"]
[Round "8"]
[White "Bergqvist, Mats"]
[Black "Eriksson, Bo"]
[Result "0-1"]
[WhiteElo "2226"]
[BlackElo "2189"]
[PlyCount "74"]

1. e4 c5 2. Nf3 d6 3. d4 cxd4 4. Nxd4 Nf6 5. Nc3 a6 6. Be3 Ng4 7. Bg5 h6 8. Bh4
g5 9. Bg3 Bg7 10. Be2 Ne5 11. Qd2 Nbc6 12. Nb3 Bd7 13. f4 Ng6 14. Rf1 gxf4 15.
Bxf4 Nxf4 16. Qxf4 O-O 17. O-O-O Ne5 18. g4 Ng6 19. Qe3 Bb5 20. Nd4 Bxe2 21.
Qxe2 e6 22. Kb1 Rc8 23. Rf3 b5 24. Nf5 exf5 25. gxf5 Rxc3 26. bxc3 Ne5 27. Rg3
Kh7 28. Qd2 Nc4 29. Qd5 Be5 30. Rh3 Qf6 31. Rdd3 Rg8 32. a3 Nxa3+ 33. Ka2 Nc4
34. Qb7 Rg2 35. Qxa6 Rxc2+ 36. Kb1 Rb2+ 37. Ka1 Qg5 0-1

[Event "Superettan(Eskilstuna-Stockholms SS)"]
[Site "?"]
[Date "2009.03.14"]
[Round "8"]
[White "Svensson, Hakan"]
[Black "Nilsson, Mats"]
[Result "0-1"]
[WhiteElo "2022"]
[BlackElo "2170"]
[PlyCount "94"]

1. d4 e6 2. g3 c5 3. Nf3 cxd4 4. Nxd4 Nc6 5. Bg2 Nf6 6. O-O Qb6 7. Nb3 d5 8.
Na3 Bxa3 9. bxa3 O-O 10. Be3 Qc7 11. Bf4 Qe7 12. c4 e5 13. cxd5 exf4 14. dxc6
fxg3 15. hxg3 bxc6 16. Bxc6 Rb8 17. Qc2 Bh3 18. Bg2 Bxg2 19. Kxg2 Qb7+ 20. Kg1
Qd7 21. Kg2 Qd5+ 22. Kg1 Ng4 23. Qc5 Qe6 24. Qg5 h6 25. Qf4 Qg6 26. Kg2 Rb6 27.
f3 Nf6 28. Rad1 Re8 29. Rd2 Rb5 30. e4 Nh5 31. Qh4 Nxg3 32. Qxg3 Rg5 33. Qxg5
Qxg5+ 34. Kf2 Qf4 35. Rd5 Rxe4 36. Kg2 Re2+ 37. Rf2 Rxf2+ 38. Kxf2 Qh2+ 39. Ke3
Qxa2 40. Rd8+ Kh7 41. Rd3 Qxa3 42. Nd2 Qe7+ 43. Kf2 a5 44. Ne4 a4 45. Nc3 a3
46. Na2 Qe5 47. Rd2 h5 0-1

[Event "Superettan(Eskilstuna-Stockholms SS)"]
[Site "?"]
[Date "2009.03.14"]
[Round "8"]
[White "Carlsten, Peter"]
[Black "Logdahl, Ulf"]
[Result "1-0"]
[WhiteElo "2096"]
[BlackElo "1990"]
[PlyCount "101"]

1. e4 e5 2. Bc4 Nf6 3. d3 Be7 4. Nf3 d6 5. O-O O-O 6. Re1 Bg4 7. h3 Bh5 8. c3
Nbd7 9. Nbd2 c6 10. Bb3 b5 11. Nf1 Qc7 12. Ne3 Rfe8 13. Nf5 Bf8 14. g4 Bg6 15.
Bg5 h6 16. Bh4 Nc5 17. Nxh6+ gxh6 18. Bxf6 Be7 19. Bh4 a5 20. Bg3 a4 21. Bc2
Ne6 22. Qd2 Ng5 23. Nxg5 hxg5 24. Kg2 Kg7 25. Rh1 Rh8 26. f3 Rh7 27. Rh2 Rah8
28. Qf2 Bf6 29. Rah1 Qe7 30. Qb6 Qd7 31. Rd1 Ra8 32. Qf2 Qe7 33. Qd2 c5 34. Bf2
Qc7 35. Be3 Qe7 36. h4 Rah8 37. Rdh1 Rxh4 38. Rxh4 gxh4 39. g5 Qe6 40. gxf6+
Kg8 41. b3 h3+ 42. Kh2 Qxf6 43. bxa4 bxa4 44. Bxa4 c4 45. Bd1 Qe6 46. dxc4 Qxc4
47. Bb3 Qa6 48. Rg1 Kg7 49. f4 exf4 50. Bd4+ f6 51. Qxf4 1-0

[Event "Superettan(Eskilstuna-Stockholms SS)"]
[Site "?"]
[Date "2009.03.14"]
[Round "8"]
[White "Bragesjo, Tomas"]
[Black "Braathen, Tom"]
[Result "0-1"]
[WhiteElo "1739"]
[BlackElo "2062"]
[PlyCount "54"]

1. e4 c5 2. Nf3 Nc6 3. d4 cxd4 4. Nxd4 g6 5. Bc4 Bg7 6. Be3 Nf6 7. Nc3 O-O 8.
Bb3 a5 9. O-O a4 10. Nxa4 Nxe4 11. c4 Ra6 12. Rc1 Nxd4 13. Bxd4 Rd6 14. Bb6
Rxd1 15. Bxd8 Rxf1+ 16. Kxf1 Rxd8 17. Ke2 d6 18. Rd1 Bd7 19. Rb1 Nc5 20. Nb6
Bf5 21. Rd1 Bxb2 22. f3 e5 23. Nd5 Nxb3 24. axb3 Bd4 25. h3 Bc2 26. Rxd4 exd4
27. Ne7+ Kg7 0-1

[Event "Superettan(Rodeby-Rockaden,Umea)"]
[Site "?"]
[Date "2009.03.14"]
[Round "8"]
[White "Hammar, Ulf"]
[Black "Svensson, Anders"]
[Result "1/2-1/2"]
[WhiteElo "2280"]
[BlackElo "2334"]
[PlyCount "85"]

1. d4 d5 2. c4 c6 3. cxd5 cxd5 4. Nf3 Nc6 5. Nc3 Nf6 6. Bf4 a6 7. Rc1 Bf5 8. e3
e6 9. Be2 Rc8 10. O-O Bd6 11. Bxd6 Qxd6 12. Qb3 Rc7 13. Na4 O-O 14. Nc5 Rb8 15.
Qb6 Nd7 16. Nxd7 Qxd7 17. Rc5 Rcc8 18. Rfc1 h6 19. R1c3 Bg4 20. h3 Bxf3 21.
Bxf3 Qd8 22. Qxd8+ Rxd8 23. Bd1 Rdc8 24. Ba4 Ne7 25. Bd7 Rxc5 26. Rxc5 Nf5 27.
Kf1 Nd6 28. Ke2 Kf8 29. Rc7 Ke7 30. Ba4+ Kf6 31. Kd3 b5 32. Bb3 Rc8 33. Rxc8
Nxc8 34. Kc3 a5 35. Bc2 Nd6 36. Bd3 Ke7 37. f3 Kd7 38. e4 Kc6 39. e5 Nc4 40. g3
b4+ 41. Kc2 Ne3+ 42. Kd2 Nf5 43. Bxf5 1/2-1/2

[Event "Superettan(Rodeby-Rockaden,Umea)"]
[Site "?"]
[Date "2009.03.14"]
[Round "8"]
[White "Greiff, Hakan"]
[Black "Forsberg, Viktor"]
[Result "1/2-1/2"]
[WhiteElo "2282"]
[BlackElo "2341"]
[PlyCount "49"]

1. e4 e5 2. Nf3 Nc6 3. Bb5 a6 4. Bxc6 dxc6 5. d4 exd4 6. Qxd4 Qxd4 7. Nxd4 Bd7
8. Nc3 O-O-O 9. Be3 Bb4 10. O-O-O Bxc3 11. bxc3 Ne7 12. f3 c5 13. Ne2 b6 14.
Nf4 h5 15. Bf2 g5 16. Nd5 Nxd5 17. Rxd5 f6 18. Be3 Be6 19. Rxd8+ Kxd8 20. e5
Ke7 21. a3 Rg8 22. exf6+ Kxf6 23. Bf2 h4 24. Re1 Re8 25. f4 1/2-1/2

[Event "Superettan(Rodeby-Rockaden,Umea)"]
[Site "?"]
[Date "2009.03.14"]
[Round "8"]
[White "Wickstrom, Lucas"]
[Black "Laksman, Efraim"]
[Result "0-1"]
[WhiteElo "2255"]
[BlackElo "2219"]
[PlyCount "80"]

1. d4 Nf6 2. c4 e6 3. Nf3 b6 4. g3 d5 5. Bg2 c6 6. O-O Bd6 7. Nc3 Nbd7 8. e4
Nxe4 9. Nxe4 dxe4 10. Ng5 Nf6 11. Nxe4 Nxe4 12. Bxe4 Bb7 13. Qg4 g6 14. Qf3 Qd7
15. d5 cxd5 16. Qf6 Rg8 17. cxd5 Qe7 18. Qc3 f5 19. Bg2 e5 20. h4 Rc8 21. Bg5
Qd7 22. Qb3 Kf7 23. Rac1 Rxc1 24. Rxc1 Rc8 25. Rc6 Kg7 26. Qc4 Qe8 27. f4 Bxc6
28. dxc6 Bc5+ 29. Kh1 h6 30. b4 Bf8 31. fxe5 hxg5 32. e6 Qd8 33. b5 Bc5 34. Qa4
Rc7 35. hxg5 Qh8+ 36. Qh4 Qxh4+ 37. gxh4 Bf2 38. Bd5 Bxh4 39. e7 Rxe7 40. Be6
Rc7 0-1

[Event "Superettan(Rodeby-Rockaden,Umea)"]
[Site "?"]
[Date "2009.03.14"]
[Round "8"]
[White "Wahlbom, Magnus"]
[Black "Malmstig, Erik"]
[Result "1-0"]
[WhiteElo "2240"]
[BlackElo "2315"]
[PlyCount "89"]

1. e4 d6 2. d4 Nf6 3. Nc3 g6 4. Nf3 Bg7 5. Be2 a6 6. a4 O-O 7. O-O b6 8. Re1 e6
9. e5 Nfd7 10. Bg5 Qe8 11. exd6 cxd6 12. Ne4 e5 13. Nxd6 Qe6 14. dxe5 Nxe5 15.
Nxe5 Qxe5 16. Nxc8 Qxg5 17. Bf3 Rxc8 18. Bxa8 Bxb2 19. Rb1 Bc3 20. Re3 Qc5 21.
Rd3 Nc6 22. Bxc6 Rxc6 23. g3 Kg7 24. Rb3 Bf6 25. Rd5 Qc4 26. Rd6 Qxa4 27. Rxb6
Rxb6 28. Rxb6 Bd4 29. Rb7 a5 30. Qd3 h5 31. h4 Bf6 32. Qd5 Qe8 33. Qxa5 Qe4 34.
Qc7 Qe1+ 35. Kg2 Qe4+ 36. Kh2 Qe6 37. Qd7 Qa2 38. Ra7 Qc4 39. Rc7 Qa2 40. Kg2
Be5 41. Rc5 Qa1 42. Qd5 Bb8 43. Rb5 Bc7 44. Rb7 Qa8 45. Qc6 1-0

[Event "Superettan(Rodeby-Rockaden,Umea)"]
[Site "?"]
[Date "2009.03.14"]
[Round "8"]
[White "Nygren, David"]
[Black "Ostling, Hakan"]
[Result "0-1"]
[WhiteElo "2245"]
[BlackElo "2216"]
[PlyCount "160"]

1. e4 g6 2. d4 d6 3. Nf3 Bg7 4. c3 Nc6 5. h3 e5 6. dxe5 Nxe5 7. Nxe5 Bxe5 8.
Bd3 Bg7 9. O-O Ne7 10. Be3 O-O 11. Nd2 Be6 12. Nf3 h6 13. Nd4 Bd7 14. f4 c5 15.
Ne2 Qc8 16. Bc2 d5 17. exd5 Nf5 18. Bf2 Re8 19. Qd2 Qc7 20. Rfe1 Nd6 21. Rad1
Rad8 22. Bh4 Rb8 23. b3 b5 24. Bg3 f5 25. Nc1 Qa5 26. b4 Qc7 27. Nb3 cxb4 28.
Rxe8+ Rxe8 29. cxb4 Bc3 30. Qf2 Bxb4 31. Bd3 Ne4 32. Bxe4 Rxe4 33. d6 Bxd6 34.
Qd2 Re6 35. Rc1 Qb8 36. Qd5 Kh7 37. Nd4 Re7 38. Bh4 Rg7 39. Bf6 Qb6 40. Bxg7
Kxg7 41. Kh1 h5 42. Nf3 Be8 43. Ne5 Qe3 44. Rc8 Qe1+ 45. Kh2 h4 46. Qd4 Qg3+
47. Kh1 Qe1+ 48. Qg1 Qxg1+ 49. Kxg1 Bf7 50. Rc6 Bxe5 51. fxe5 Bxa2 52. Rc7+ Kh6
53. Rxa7 Bc4 54. Kf2 Kg5 55. Ke3 Bd5 56. Kd4 Bxg2 57. Rf7 Bxh3 58. e6 f4 59. e7
Bd7 60. Ke5 b4 61. Rxf4 h3 62. Rxb4 h2 63. Rb1 Kg4 64. Kf6 Be8 65. Kg7 g5 66.
Kf8 Bh5 67. Rb4+ Kh3 68. Rb3+ Kh4 69. Rb1 g4 70. Rb5 Bg6 71. Rb6 h1=Q 72. Rxg6
Qf3+ 73. Kg7 Qe4 74. Kf7 Qd5+ 75. Kf8 Qf5+ 76. Kg7 Qd7 77. Kf7 Kh5 78. Rf6 Kg5
79. Rf1 Qd5+ 80. Kf8 Qc5 0-1

[Event "Superettan(Rodeby-Rockaden,Umea)"]
[Site "?"]
[Date "2009.03.14"]
[Round "8"]
[White "Eriksson, Bengt"]
[Black "Mardell, Jimmy"]
[Result "0-1"]
[WhiteElo "1945"]
[BlackElo "2233"]
[PlyCount "72"]

1. d4 e6 2. Nf3 Nf6 3. Bg5 h6 4. Bxf6 Qxf6 5. e4 d6 6. Nc3 Nd7 7. Qd2 c6 8.
O-O-O e5 9. Kb1 Be7 10. Be2 O-O 11. g4 b5 12. h4 Nb6 13. g5 Qf4 14. dxe5 dxe5
15. Qxf4 exf4 16. Ne5 Bb7 17. Bg4 hxg5 18. hxg5 Bxg5 19. Rdg1 Bf6 20. Bf5 Rfe8
21. Nd3 Bc8 22. Bh7+ Kf8 23. Nxf4 Nc4 24. Kc1 Nxb2 25. Nce2 Nc4 26. Nh5 Bb2+
27. Kb1 a5 28. f3 a4 29. c3 g6 30. Nef4 gxh5 31. Nxh5 Bxc3 32. Kc2 b4 33. f4
Rd8 34. e5 Rd2+ 35. Kc1 Bb2+ 36. Kb1 Na3# 0-1

[Event "Superettan(Rodeby-Rockaden,Umea)"]
[Site "?"]
[Date "2009.03.14"]
[Round "8"]
[White "Lindgren, Fredrik"]
[Black "Bernhardsson, Sten"]
[Result "1-0"]
[WhiteElo "2231"]
[BlackElo "2096"]
[PlyCount "137"]
[EventDate "2009.??.??"]

1. d4 d5 2. Nf3 Nf6 3. c4 e6 4. g3 Be7 5. Bg2 O-O 6. O-O dxc4 7. Qa4 a6 8. Qxc4
b5 9. Qd3 Bb7 10. Nc3 c5 11. Rd1 cxd4 12. Nxd4 Bxg2 13. Kxg2 Qb6 14. Qf3 Nbd7
15. Nc6 Bc5 16. Bf4 Rac8 17. Ne5 Rfd8 18. Nxd7 Nxd7 19. Ne4 e5 20. Nxc5 Qxc5
21. Rac1 Qe7 22. Rxc8 Rxc8 23. Qb7 Qe8 24. Qxd7 Qxd7 25. Rxd7 exf4 26. gxf4 Kf8
27. Rd2 Ke7 28. e4 f6 29. f3 Rc4 30. Kf2 Rc1 31. f5 Rc4 32. Ke3 Rc1 33. f4 Rc4
34. Rg2 Kf7 35. b3 Rc1 36. e5 g6 37. fxg6+ hxg6 38. Ke4 Re1+ 39. Kd5 Re3 40.
Rc2 fxe5 41. fxe5 Rd3+ 42. Ke4 Rh3 43. Rc7+ Ke8 44. Ra7 Rxh2 45. Rxa6 Kd7 46.
Kd5 Rd2+ 47. Kc5 Re2 48. Kxb5 Rxe5+ 49. Kc4 g5 50. b4 Kc7 51. Rg6 Re4+ 52. Kb5
g4 53. a4 Rd4 54. Rg7+ Kb8 55. a5 Rf4 56. a6 Rf5+ 57. Kb6 Rf6+ 58. Ka5 g3 59.
Rxg3 Rf8 60. b5 Rh8 61. Rg5 Rf8 62. b6 Rh8 63. Kb5 Rf8 64. Rc5 Ka8 65. b7+ Ka7
66. Rc8 Rf5+ 67. Kc4 Rc5+ 68. Kxc5 Kxa6 69. b8=Q 1-0

[Event "Superettan(Rodeby-Rockaden,Umea)"]
[Site "?"]
[Date "2009.03.14"]
[Round "8"]
[White "Svensson, Orjan"]
[Black "Engman, Rickard"]
[Result "0-1"]
[WhiteElo "1952"]
[BlackElo "2212"]
[PlyCount "34"]

1. c4 f5 2. Nc3 Nf6 3. d3 e5 4. e4 fxe4 5. dxe4 Bb4 6. Bg5 h6 7. Bd2 d6 8. Bd3
Na6 9. Nge2 O-O 10. O-O Ng4 11. f3 Bc5+ 12. Kh1 Nxh2 13. g3 Nxf1 14. Qxf1 Bg4
15. Ng1 Bxg1 16. Qxg1 Bxf3+ 17. Kh2 Qe8 0-1

[Event "Superettan(Rockaden II,Sthlm-Schack 08)"]
[Site "?"]
[Date "2009.03.14"]
[Round "8"]
[White "Ingbrandt, Johan"]
[Black "Bator, Robert"]
[Result "1/2-1/2"]
[WhiteElo "2469"]
[BlackElo "2439"]
[PlyCount "32"]
[SourceDate "2009.03.20"]

1. d4 d5 2. c4 c6 3. Nf3 Nf6 4. Qb3 dxc4 5. Qxc4 Bf5 6. g3 e6 7. Bg2 Be7 8. O-O
O-O 9. Qb3 Qb6 10. Nbd2 Rd8 11. Nc4 Qa6 12. Rd1 Be4 13. Nce5 Bd5 14. Qc2 Be4
15. Qb3 Bd5 16. Qc2 Be4 1/2-1/2

[Event "Superettan(Rockaden II,Sthlm-Schack 08)"]
[Site "?"]
[Date "2009.03.14"]
[Round "8"]
[White "Hedman, Erik"]
[Black "Renman, Nils-Gustaf"]
[Result "1-0"]
[WhiteElo "2420"]
[BlackElo "2431"]
[PlyCount "81"]

1. e4 e6 2. d4 d5 3. Nc3 Nf6 4. Bg5 Bb4 5. e5 h6 6. Be3 Ne4 7. Qg4 Kf8 8. a3
Ba5 9. b4 Nxc3 10. bxa5 c5 11. dxc5 Nc6 12. Bd3 d4 13. Bd2 Nxe5 14. Qg3 Qd5 15.
Bxc3 dxc3 16. Rd1 Qxc5 17. a6 bxa6 18. Be4 Rb8 19. Nf3 Nxf3+ 20. gxf3 Qb6 21.
Rg1 g6 22. Bxg6 e5 23. Bxf7 Qf6 24. Bb3 Bf5 25. Rd5 Rb5 26. Rd6 Qxd6 27. Qg7+
Ke8 28. Qxh8+ Kd7 29. Rg7+ Kc6 30. Qa8+ Kb6 31. Qxa7+ Ka5 32. Qc7+ Qxc7 33.
Rxc7 Kb6 34. Rxc3 e4 35. fxe4 Bxe4 36. Re3 Bf5 37. Kd2 Rc5 38. f4 Kc7 39. Re7+
Kd8 40. Re5 Rxe5 41. fxe5 1-0

[Event "Superettan(Rockaden II,Sthlm-Schack 08)"]
[Site "?"]
[Date "2009.03.14"]
[Round "8"]
[White "Faldt, Magnus"]
[Black "Livner, Anders"]
[Result "0-1"]
[WhiteElo "2190"]
[BlackElo "2369"]
[PlyCount "69"]

1. d4 d5 2. c4 dxc4 3. Nf3 Nf6 4. Nc3 a6 5. e4 b5 6. e5 Nd5 7. a4 e6 8. axb5
Nb6 9. Be2 Bb7 10. O-O Be7 11. Be3 axb5 12. Rxa8 Bxa8 13. Nxb5 Qd7 14. Nc3 O-O
15. b3 cxb3 16. Qxb3 Nd5 17. Ra1 Nxc3 18. Qxc3 Bd5 19. Ra7 Nc6 20. Ra1 Rd8 21.
Rc1 Rb8 22. h3 h6 23. Qa1 Rb4 24. Qc3 Rb3 25. Qc2 Ba3 26. Rb1 Nb4 27. Qd1 Rxb1
28. Qxb1 Qc6 29. Ne1 Qc3 30. Nf3 Bb2 31. Qd1 Nc2 32. Bd2 Qb3 33. Bc1 Bc3 34.
Nd2 Bxd2 35. Qxd2 0-1

[Event "Superettan(Rockaden II,Sthlm-Schack 08)"]
[Site "?"]
[Date "2009.03.14"]
[Round "8"]
[White "Vilchez, Victor"]
[Black "Ottenklev, Niclas"]
[Result "1-0"]
[WhiteElo "2363"]
[BlackElo "2176"]
[PlyCount "91"]

1. e4 c5 2. Nf3 Nc6 3. d4 cxd4 4. Nxd4 Nf6 5. Nc3 e5 6. Ndb5 d6 7. Bg5 a6 8.
Na3 b5 9. Nd5 Be7 10. Bxf6 Bxf6 11. c4 b4 12. Nc2 Rb8 13. b3 O-O 14. h4 Be7 15.
g3 f5 16. exf5 Bxf5 17. Bg2 Bxc2 18. Qxc2 Nd4 19. Qd3 Bf6 20. O-O Ne6 21. Nxf6+
Rxf6 22. Bd5 Kh8 23. Bxe6 Rxe6 24. Qe4 Qb6 25. Kg2 Rf6 26. Rad1 Rbf8 27. f3 Qc7
28. Rd5 h6 29. Rf2 R8f7 30. c5 dxc5 31. Rxe5 Rf8 32. f4 Rd6 33. Rc2 Rc6 34. Rc4
Rd8 35. Re8+ Rxe8 36. Qxe8+ Kh7 37. Qe4+ Kh8 38. Qf5 Qd6 39. Re4 Qg6 40. Qf8+
Kh7 41. Re8 Qf6 42. Qg8+ Kg6 43. Re5 Qd6 44. f5+ Kh5 45. Kh3 Qd3 46. f6+ 1-0

[Event "Superettan(Rockaden II,Sthlm-Schack 08)"]
[Site "?"]
[Date "2009.03.14"]
[Round "8"]
[White "Schutz, Ingemar"]
[Black "Zadruzny, Nicolaj"]
[Result "1-0"]
[WhiteElo "2218"]
[BlackElo "2311"]
[PlyCount "67"]

1. e4 c5 2. Nf3 d6 3. d4 cxd4 4. Nxd4 Nf6 5. Nc3 g6 6. Be2 Bg7 7. O-O O-O 8.
Bg5 Nc6 9. Nb3 Be6 10. f4 Rc8 11. Bf3 a6 12. Nd5 Bxd5 13. exd5 Na5 14. Nxa5
Qxa5 15. c3 Rfe8 16. Kh1 b5 17. Qd2 Rc4 18. a3 Qb6 19. Rae1 a5 20. Bh4 b4 21.
cxb4 axb4 22. Bf2 Qc7 23. b3 Rc3 24. axb4 Rxb3 25. Rb1 Rxb1 26. Rxb1 Rb8 27. b5
Nd7 28. h3 Nc5 29. Qc2 Kf8 30. Kh2 Bf6 31. Qc4 Ne6 32. Qc6 Qxc6 33. dxc6 Ke8
34. Ba7 1-0

[Event "Superettan(Rockaden II,Sthlm-Schack 08)"]
[Site "?"]
[Date "2009.03.14"]
[Round "8"]
[White "Lissang, Christopher"]
[Black "Arvidsson, Tomas"]
[Result "0-1"]
[WhiteElo "2345"]
[BlackElo "2122"]
[PlyCount "72"]

1. d4 Nf6 2. Nf3 g6 3. c4 d6 4. Nc3 Bg7 5. Bf4 Nh5 6. Bg5 h6 7. Bh4 g5 8. Bg3
Nxg3 9. hxg3 Bg4 10. e3 Nd7 11. Be2 c5 12. Ng1 Bf5 13. g4 cxd4 14. exd4 Bg6 15.
Qd2 Rc8 16. b3 Nf6 17. Bf3 Qd7 18. Qe2 O-O 19. Rd1 Rfe8 20. Kf1 a6 21. Na4 Qc7
22. c5 d5 23. Qd2 e5 24. dxe5 Rxe5 25. Ne2 Rce8 26. Nd4 Ne4 27. Qb4 a5 28. Nb5
axb4 29. Nxc7 Nd2+ 30. Kg1 Re1+ 31. Kh2 Be5+ 32. Kh3 Rxh1+ 33. Rxh1 Bxc7 34.
Bxd5 Be4 35. Bxe4 Nxe4 36. f3 Nf2# 0-1

[Event "Superettan(Rockaden II,Sthlm-Schack 08)"]
[Site "?"]
[Date "2009.03.14"]
[Round "8"]
[White "Eriksson, Matts"]
[Black "Hanninger, Simon"]
[Result "0-1"]
[WhiteElo "2039"]
[BlackElo "2289"]
[PlyCount "106"]

1. d4 c5 2. d5 Nf6 3. c4 b5 4. Nd2 bxc4 5. e4 c3 6. bxc3 d6 7. Ngf3 g6 8. Bd3
Bg7 9. Qc2 O-O 10. O-O e5 11. Rb1 Nh5 12. Nc4 Nf4 13. Bxf4 exf4 14. e5 dxe5 15.
Ncxe5 Ba6 16. Bxa6 Nxa6 17. Qd3 Qd6 18. Rfe1 Rad8 19. Rbd1 Nb8 20. Qb5 Rfe8 21.
Nc4 Rxe1+ 22. Nxe1 Qa6 23. Qb3 Nd7 24. Nd2 Rb8 25. Qc2 Qe2 26. Rc1 c4 27. Nef3
Nc5 28. Re1 Qd3 29. Qxd3 Nxd3 30. Rb1 Rxb1+ 31. Nxb1 Kf8 32. Nfd2 Nb2 33. Kf1
Ke7 34. Ke2 Kd6 35. Kf3 Be5 36. Ne4+ Kxd5 37. Ng5 f6 38. Nxh7 Ke6 39. Nf8+ Kf7
40. Nd7 Bd6 41. Ke4 Ke6 42. Nxf6 Kxf6 43. Kd5 Bc7 44. Nd2 Bb6 45. Ne4+ Ke7 46.
g3 fxg3 47. fxg3 Be3 48. h4 Nd3 49. Kxc4 Nf2 50. Kd5 Nxe4 51. Kxe4 Bf2 52. Kf4
Be1 53. Kg4 Kd6 0-1

[Event "Superettan(Rockaden II,Sthlm-Schack 08)"]
[Site "?"]
[Date "2009.03.14"]
[Round "8"]
[White "Westerberg, Jonathan"]
[Black "Stenman, Christoffer"]
[Result "1-0"]
[WhiteElo "2298"]
[BlackElo "1901"]
[PlyCount "75"]

1. e4 c5 2. Nf3 d6 3. d4 cxd4 4. Nxd4 Nf6 5. Nc3 g6 6. Be2 Bg7 7. O-O O-O 8.
Nb3 Nc6 9. Kh1 Be6 10. f4 Na5 11. f5 Bc4 12. e5 Bxe2 13. Nxe2 Ne8 14. fxg6 hxg6
15. e6 Nf6 16. exf7+ Rxf7 17. Nf4 Nxb3 18. axb3 Qd7 19. Rf3 g5 20. Nh5 Qg4 21.
Nxf6+ Rxf6 22. Ra4 Qh5 23. g4 Qf7 24. Rxf6 Qxf6 25. Ra5 Bh6 26. Rf5 Qg6 27. Qd3
Qe6 28. Bxg5 Bg7 29. Be3 Rf8 30. Bxa7 Ra8 31. Qe3 Qxe3 32. Bxe3 Bxb2 33. Rb5
Rc8 34. c4 e5 35. Rxb7 Rd8 36. Kg2 d5 37. Bg5 Rd6 38. Be7 1-0

[Event "Superettan(Vastervik-Orebro)"]
[Site "?"]
[Date "2009.03.14"]
[Round "8"]
[White "Fransson, Peter"]
[Black "Karlsson, Jorgen"]
[Result "1-0"]
[WhiteElo "2345"]
[BlackElo "2179"]
[PlyCount "81"]

1. e4 g6 2. d4 Bg7 3. Nf3 d6 4. h3 c6 5. a4 Nd7 6. a5 Ngf6 7. Nc3 O-O 8. Be3 e5
9. dxe5 dxe5 10. Qd6 Re8 11. Bc4 Qe7 12. Qxe7 Rxe7 13. O-O h6 14. Rfd1 Bf8 15.
Ne1 Nh5 16. Nd3 g5 17. b4 Nf4 18. b5 Nf6 19. bxc6 bxc6 20. Bc5 Re8 21. Bxf8
Kxf8 22. Nc5 Ke7 23. Rab1 g4 24. h4 Ne6 25. Bxe6 Bxe6 26. Rb7+ Kf8 27. Rd6 Rad8
28. Rxd8 Rxd8 29. Nd3 Rd7 30. a6 Kg7 31. Nc5 Rd6 32. Rxa7 Bc4 33. Rb7 Rd2 34.
Rb2 g3 35. fxg3 Ng4 36. a7 Ne3 37. a8=Q Rxg2+ 38. Kh1 Rxg3 39. Rb8 Rh3+ 40. Kg1
Kg6 41. Qxc6+ 1-0

[Event "Superettan(Vastervik-Orebro)"]
[Site "?"]
[Date "2009.03.14"]
[Round "8"]
[White "Sternlund, Hakan"]
[Black "Gruvaeus, Curt"]
[Result "0-1"]
[WhiteElo "2220"]
[BlackElo "2373"]
[PlyCount "76"]

1. c4 f5 2. Nc3 Nf6 3. g3 g6 4. Bg2 Bg7 5. d4 d6 6. Nf3 O-O 7. O-O c6 8. d5 e5
9. dxe6 Bxe6 10. Qd3 Na6 11. Bf4 Ne4 12. Nd4 Bf7 13. Bxe4 Nc5 14. Qd2 Nxe4 15.
Nxe4 fxe4 16. Rac1 Re8 17. b4 Qd7 18. Kg2 Rad8 19. Bg5 Rc8 20. Rfd1 d5 21. c5
Be6 22. Nxe6 Qxe6 23. Bh6 Bh8 24. Be3 Qf5 25. Bd4 Be5 26. Bxe5 Rxe5 27. Qe3 Rf8
28. Rd2 Qe6 29. Rf1 Rh5 30. h4 g5 31. Rh1 gxh4 32. Rxh4 Rxh4 33. gxh4 Rf7 34.
Rd1 Rg7+ 35. Kh2 Qf6 36. Kh3 h5 37. f3 Qg6 38. Qf2 e3 0-1

[Event "Superettan(Vastervik-Orebro)"]
[Site "?"]
[Date "2009.03.14"]
[Round "8"]
[White "Lind, Jan-Olov"]
[Black "Ask, Josef"]
[Result "1-0"]
[WhiteElo "2288"]
[BlackElo "2224"]
[PlyCount "69"]

1. e4 e5 2. Be2 Nf6 3. d3 d5 4. Nd2 c6 5. Ngf3 Nbd7 6. O-O Bd6 7. Re1 O-O 8.
Bf1 Re8 9. a3 a5 10. b3 b5 11. Bb2 Qb6 12. g3 Bc5 13. Re2 Ng4 14. d4 exd4 15.
exd5 Bb7 16. Ne4 Rxe4 17. Rxe4 Ndf6 18. Rf4 d3 19. Bd4 Bxd4 20. Nxd4 dxc2 21.
Qxc2 c5 22. Nxb5 Bxd5 23. Rd1 Qc6 24. Rxd5 Qxd5 25. Bg2 Qh5 26. h3 Re8 27. Qd1
Ne5 28. Qxh5 Nxh5 29. Ra4 Nd3 30. Rxa5 g6 31. Ra8 Rxa8 32. Bxa8 Nf6 33. a4 Nc1
34. a5 Nxb3 35. a6 1-0

[Event "Superettan(Vastervik-Orebro)"]
[Site "?"]
[Date "2009.03.14"]
[Round "8"]
[White "Nilsson, Victor"]
[Black "Zetterberg, Staffan"]
[Result "0-1"]
[WhiteElo "2139"]
[BlackElo "2322"]
[PlyCount "60"]

1. d4 Nf6 2. Nf3 c5 3. c3 g6 4. g3 b6 5. Bg2 Bb7 6. O-O Bg7 7. Qb3 cxd4 8. cxd4
O-O 9. Nc3 Nc6 10. a3 Rc8 11. Qd1 Na5 12. Qd3 Nd5 13. Na2 Nf6 14. b4 Be4 15.
Qe3 Nc4 16. Qf4 Nd6 17. Ne5 Nd5 18. Qg4 f5 19. Qh4 Bxg2 20. Kxg2 Rc2 21. Re1 f4
22. Bxf4 Rxf4 23. gxf4 Nf5 24. Qg5 Bf6 25. Qg4 Nde3+ 26. fxe3 Nxe3+ 27. Kf3
Nxg4 28. Kxg4 Qc8 29. Kg3 d6 30. Nf3 Qc4 0-1

[Event "Superettan(Vastervik-Orebro)"]
[Site "?"]
[Date "2009.03.14"]
[Round "8"]
[White "Elenius, Erik"]
[Black "Jonsson, Krister"]
[Result "1-0"]
[WhiteElo "2051"]
[BlackElo "2044"]
[PlyCount "67"]

1. e4 c5 2. c3 e6 3. d4 d5 4. e5 Nc6 5. Nf3 Qb6 6. a3 c4 7. Nbd2 Bd7 8. b3 cxb3
9. Nxb3 Na5 10. Nxa5 Qxa5 11. Bd2 Ba4 12. Qb1 Qc7 13. Bd3 Ne7 14. O-O Nc6 15.
c4 dxc4 16. Bxc4 Be7 17. Bd3 Rd8 18. Rc1 a6 19. Ra2 Qd7 20. Be3 h6 21. Be4 O-O
22. d5 exd5 23. Bf5 Qe8 24. Bb6 Ra8 25. Qd3 Bd8 26. Bc5 Be7 27. Qxd5 Rd8 28.
Bd6 Nxe5 29. Qxe5 Bxd6 30. Qa5 Bc6 31. Re1 b6 32. Qc3 Be7 33. Rae2 Bf6 34. Qc1
1-0

[Event "Superettan(Vastervik-Orebro)"]
[Site "?"]
[Date "2009.03.14"]
[Round "8"]
[White "Larsson, Patrik"]
[Black "Harren, Mats"]
[Result "1-0"]
[WhiteElo "2038"]
[BlackElo "2083"]
[PlyCount "57"]

1. e4 d6 2. d4 Nf6 3. Nc3 Nbd7 4. Nf3 e5 5. Bc4 Be7 6. O-O O-O 7. Re1 c6 8. a4
b6 9. Ba2 a6 10. h3 Rb8 11. Qe2 Qc7 12. Nd1 exd4 13. Nxd4 Nc5 14. Nc3 b5 15.
axb5 axb5 16. b4 Na6 17. Bd2 Re8 18. Qf3 Bf8 19. Bb3 Qb6 20. Be3 Qc7 21. g4
Nxb4 22. g5 Nxe4 23. Nxe4 c5 24. g6 hxg6 25. Ng5 d5 26. Bf4 Rxe1+ 27. Rxe1 Qd8
28. Nxf7 Kxf7 29. Bg5+ 1-0

[Event "Superettan(Vastervik-Orebro)"]
[Site "?"]
[Date "2009.03.14"]
[Round "8"]
[White "Broddefalk, Arvid"]
[Black "Blomstrom, Lars"]
[Result "1/2-1/2"]
[WhiteElo "1997"]
[BlackElo "2126"]
[PlyCount "36"]

1. c4 Nf6 2. g3 g6 3. Bg2 Bg7 4. Nc3 d6 5. e4 O-O 6. Nge2 e5 7. O-O c6 8. d3
Nbd7 9. h3 Nh5 10. g4 Nhf6 11. Be3 Nc5 12. Qd2 h5 13. g5 Nh7 14. h4 f6 15. f4
exf4 16. Nxf4 fxg5 17. hxg5 Qe8 18. Nh3 Bd7 1/2-1/2